000 00868cam a2200253 a 4500
001 000001535
003 DO-SdBNP
005 20250529105423.0
008 801017s1961 sp b 001 0 spa
040 _aDO-SdBNP
_bspa
_cBNPHU
082 _a323.32
_bM657c, 1961
100 1 _aMills, C. Wright
_q(Charles Wright),
_d1916-1962.
_95037
245 1 4 _aLas clases medias en norteamérica :
_bwhite collar /
_cWright Mills.
250 _a2a ed.
260 _aMadrid :
_b[s.n.],
_c1961.
300 _axx, 460 p. ;
_c21 cm.
490 1 _aBiblioteca de ciencias sociales ;
504 _aIncluye referencias bibliográficas e índice
650 0 _aClase media
_zEstados Unidos
_92589
650 0 _aClases sociales
_zEstados Unidos
_91062
830 0 _aBiblioteca de ciencias sociales ;
_psociología
_95040
910 _aValidado. control de calidad. MFF
942 _2ddc
_cLBS1
999 _c1438
_d1438